Citadino

Salvato in:
Dettagli Bibliografici
Autore principale: Godoy Fajardo, Javier (Autore)
Natura: Libro
Lingua:spagnolo
Pubblicazione: Santiago Lom 2016
Edizione:1a. ed
Soggetti:
Tags: Aggiungi Tag
Nessun Tag, puoi essere il primo ad aggiungerne!!

MARC

LEADER 00000cam a2200000 a 4500
001 UCC3054
003 CL-VaPUC
008 180413e20160000cl |||||||||||||||||spa|d
020 |a 9789560008503 
082 0 4 |a 779.0983  |b GOD  |2 21 
100 0 |a Godoy Fajardo, Javier  |e author  |9 597101 
245 1 0 |a Citadino 
250 |a 1a. ed 
300 |a 104 p 
942 |c BK 
945 |d 20180413 15:45:00  |a dcastane 
260 |a Santiago  |b Lom  |c 2016 
650 0 |a Fotografías  |9 268494 
650 0 |a Fotografías artísticas  |9 535989 
650 7 |a FOTOGRAFIAS PATRIMONIALES CHILENAS  |2 CL-VaPUC  |9 597102 
583 |a last modification  |c 20180413 15:45:00  |k Rodrigo Vera 
999 |c 370913  |d 370911 
952 |0 0  |1 0  |3 erd  |4 0  |6 779_098300000000000_GOD_2016  |7 0  |8 R  |9 487683  |a BIBART  |b BIBART  |i 5464676  |l 1  |o 779.0983 GOD 2016  |p 5464676  |r 2025-03-13  |s 2022-09-02  |w 2019-11-24  |y BK_R  |z Catalogado en:20180413  |k ART